Estatísticas para Os 15 principais países afetados pela Covid-19 - 1 de junho

Clique aqui para jogar o quiz

Estatísticas Gerais

  • Esse quiz foi jogado 5 vezes
  • A pontuação média é 16 de 25

Estatísticas das Respostas

país% Correto
Alemanha
100%
Brasil
100%
Canadá
100%
Espanha
100%
Estados Unidos
100%
França
100%
Itália
100%
México
100%
Reino Unido
100%
Suécia
100%
Índia
75%
Irão
75%
Rússia
75%
Suíça
75%
Chile
50%
Chile
50%
Irlanda
50%
Turquia
50%
Bélgica
25%
Bielorrússia
25%
Bahrein
0%
Catar
0%
Kuweit
0%
Peru
0%
Singapura
0%

Distribuição das Pontuações

Percentil de Números Respondidos

Porcentagem de Pessoas com Cada Pontuação

Sua Pontuação Histórica

Você não jogou esse quiz